| 000 | 01844nam2a2200301 4500 | ||
|---|---|---|---|
| 001 | v19\rc\1749816 | ||
| 005 | 20260406080129.0 | ||
| 035 | _a(NLR Aleph) 005248729 | ||
| 090 |
_a5781390 _c5781390 |
||
| 100 | _a20061204d1902 |||y0rusy50 ca | ||
| 101 | 0 | _arus | |
| 102 | _aRU | ||
| 105 | _ay z ||||| | ||
| 200 | 1 |
_aН. К. Михайловский и его труды _e(по поводу 40-летия его литератур. деятельности) _f[соч.] Н. В. Рейнгардта |
|
| 210 |
_d1902 _aБ. м. |
||
| 215 | _a28 с. | ||
| 461 | 0 |
_1001v19\rc\1316798 _12001#$aЧтения в Обществе любителей русской словесности в память А. С. Пушкина при Казанском университете$v1902. 17 _94568133 _aОбщество любителей русской словесности в память А. С. Пушкина (Казань) _cКазань _d1900-1904 _nТипо-лит. Имп. ун-та _tЧтения в Обществе любителей русской словесности в память А. С. Пушкина при Казанском университете... _v1902. 17 |
|
| 532 | 1 | 0 | _aНиколай Константинович Михайловский и его труды |
| 701 | 1 |
_8rus _7ca _aРейнгардт _bН. В. _f1842- _gНиколай Викторович _3RU\NLR\AUTH\7786669 _969597 |
|
| 702 | 1 |
_4280 _8rus _7ca _aМихайловский _bН. К. _f1842-1904 _cсоциолог _gНиколай Константинович _3RU\NLR\AUTH\7741115 _924065 |
|
| 801 | 0 |
_aRU _bNLR _c20061204 _gpsbo |
|
| 801 | 0 |
_aRU _bRuMoRGB _c20061204 _2psbo |
|
| 801 | 1 |
_aRU _bProSoft-M _c20061204 _2rusmarc |
|
| 801 | 2 |
_aRU _bNLR _c20100428 _2rusmarc |
|
| 852 |
_aNLR _j18.334.1.227 |
||
| 942 | _cBOOK | ||
| 980 | _aNB | ||